000 00266nam a22001217a 4500
041 _aENG
100 _awaclaw Micuta
245 _aModern Stoves For All
260 _aDelhi
_bBellerive Foundation
_c1981
300 _a60
650 _aEOES (12)
856 _uEOES (12)
999 _c2713
_d2713